000 00427nam a2200181Ia 4500
001 24260
005 20260414151031.0
008 260414t2007||||xx |||||||||||||| ||spa||
041 _aESP
082 _a345.2
_bC92
100 _aCruz Espejo, Marco de la
_eAUT
245 0 _aEl nuevo proceso penal
_b
260 _c2007
300 _a908 páginas :
_c23 cm.
650 _aDER
654 _aCDE
942 _cLIB
_dJUS
_fJUS
_2ddc
_n
999 _c24260
_d24260